Le peri hermeneias en occident de Boéce a Saint Thomas

Gespeichert in:
Bibliographische Detailangaben
1. Verfasser: Isacc, J (VerfasserIn)
Format: Buch
Sprache:Französisch
Veröffentlicht: París J. Vrin 1953
Schriftenreihe:Bibliothéque Thomiste, 29
Schlagworte:
Tags: Tag hinzufügen
Keine Tags, Fügen Sie den ersten Tag hinzu!

MARC

LEADER 00000nam a2200000 a 4500
001 UCZ3714
003 CL-VaPUC
008 951027e19530000FR |||||||||||||||||fre|d
082 0 4 |a 186.4  |b ISA  |2 21 
100 0 |a Isacc, J  |e author  |9 347555 
245 1 3 |a Le peri hermeneias en occident de Boéce a Saint Thomas 
300 |a 192 p 
942 |c BK 
945 |d 19951027 00:00:00  |a cmena 
260 |a París  |b J. Vrin  |c 1953 
600 0 7 |a BOECIO, ANICIO MANLIO  |2 CL-VaPUC  |9 347556 
600 0 |a Tomás de Aquino  |d 1220-1274  |c Santo  |9 255832 
650 0 |a Neoplatonismo  |9 265877 
650 0 |a Teología   |9 258766 
650 0 |a Escolasticismo  |9 264998 
650 0 |a Textos sagrados   |9 257605 
583 |a last modification  |c 19951027 00:00:00  |k Rodrigo Vera 
490 0 |a Bibliothéque Thomiste, 29 
999 |c 240163  |d 240161 
952 |0 0  |1 0  |4 0  |6 186_400000000000000_ISA_1953  |7 0  |8 P  |9 251876  |a BIBEDU  |b BIBEDU  |c BIBEDU_PB  |d 2019-11-18  |i 1588133  |o 186.4 ISA 1953  |p 1588133  |r 2024-01-25  |w 2019-11-18  |y BK  |k FIL